Pinocchio and emperor of the night [
| Main Author: | |
|---|---|
| Format: | Book |
| Published: |
s.l :
A Low Scheimer Film ,
19-
|
MARC
| LEADER | 00000cam a2200000 7i4500 | ||
|---|---|---|---|
| 001 | 0000002237 | ||
| 002 | 000002438 | ||
| 005 | 20010208.0 | ||
| 020 | |a 000002438 | ||
| 090 | 0 | 0 | |a JF |b PIN |
| 100 | 1 | |a Sutherland, Hal | |
| 245 | 0 | 0 | |a Pinocchio and emperor of the night [ |h video recording] |c Hal Sutherland |
| 260 | |a s.l : |b A Low Scheimer Film , |c 19- | ||
| 300 | |a 1 videocassette VHS (90 minutes) ; |c 19-. | ||
| 500 | |a Library has 1 copy | ||
| 999 | |a 00133 |b VIDEO |c KOLEKSI AUDIO VIDEO |e PERPUSTAKAAN KOMUNITI PETALING JAYA | ||